La aventura del pensamiento : (Record no. 1416)
[ view plain ]
| 000 -CABECERA | |
|---|---|
| campo de control de longitud fija | 00507cam a2200169 a 4500 |
| 001 - NÚMERO DE CONTROL | |
| campo de control | 000001512 |
| 005 - FECHA Y HORA DE LA ÚLTIMA TRANSACCIÓN | |
| campo de control | 20260414130834.0 |
| 008 - DATOS DE LONGITUD FIJA--INFORMACIÓN GENERAL | |
| campo de control de longitud fija | 810403s1965 sp 001 0 spa |
| 040 ## - FUENTE DE LA CATALOGACIÓN | |
| Centro catalogador/agencia de origen | DO-SdBNP |
| Lengua de catalogación | spa |
| Centro/agencia transcriptor | BNPHU |
| 082 ## - NÚMERO DE LA CLASIFICACIÓN DECIMAL DEWEY | |
| Número de clasificación | 920 |
| Número de documento/Ítem | B467a |
| 100 1# - ENTRADA PRINCIPAL--NOMBRE DE PERSONA | |
| Nombre de persona | Benito, José de |
| 9 (RLIN) | 4996 |
| 245 13 - MENCIÓN DE TÍTULO | |
| Título | La aventura del pensamiento : |
| Resto del título | vidas y símbolos / |
| Mención de responsabilidad, etc. | José de Benito. |
| 260 ## - PUBLICACIÓN, DISTRIBUCIÓN, ETC. | |
| Lugar de publicación, distribución, etc. | Barcelona : |
| Nombre del editor, distribuidor, etc. | Destino, |
| Fecha de publicación, distribución, etc. | 1965. |
| 300 ## - DESCRIPCIÓN FÍSICA | |
| Extensión | 258 p. ; |
| Dimensiones | 20 cm. |
| 440 #0 - MENCIÓN DE SERIE/PUNTO DE ACCESO ADICIONAL--TÍTULO | |
| Título | Áncora y delfín ; |
| Designación de volumen o secuencia | no. 260 |
| 9 (RLIN) | 4704 |
| 650 #0 - PUNTO DE ACCESO ADICIONAL DE MATERIA--TÉRMINO DE MATERIA | |
| Término de materia o nombre geográfico como elemento de entrada | Biografía |
| 9 (RLIN) | 4997 |
| Estado de retiro | Estado de pérdida | Restricciones de uso | No para préstamo | Código de colección | Localización permanente | Ubicación/localización actual | Ubicación en estantería | Fecha de adquisición | Número de inventario | Total de préstamos | Signatura topográfica completa | Código de barras | Fecha visto por última vez | Precio válido a partir de | Tipo de ítem Koha |
|---|---|---|---|---|---|---|---|---|---|---|---|---|---|---|---|
| Préstamo interno | Monografías: Libros y Folletos | General | General | Depósito | 30.06.2009 | LF1 | 920 B467a | 1512-20 | 25.06.2020 | 25.06.2020 | Préstamo interno |
